| 000 | 01139nab a2200217 i 4500 | ||
|---|---|---|---|
| 001 | 768714001 | ||
| 003 | CO-MdFUSB | ||
| 005 | 20240612113409.0 | ||
| 008 | 240612t1960 sp ||||| |||| 00| 0 spa d | ||
| 040 |
_bspa _cCO-MdFUSB _dCO-MdFUSB |
||
| 041 | _aspa | ||
| 100 |
_aGea Escolano, José, _eautor |
||
| 245 | 3 |
_aEl ser divino y su participación en el orden natural en Pedro de Ledesma _c/ José Gea Escolano |
|
| 520 | _aEn el presente artículo pretendemos hacer un estudio tanto del ser divino como de su participación en el orden natural, siguiendo las directrices de Pedro de Ledesma, de estilo netamente tomista. Antes de empezar a tratar del ser, tanto en Dios como en sus participaciones, conviene, en vistas a una mayor claridad, determinar los diversos sentidos de Ia palabra «ser». | ||
| 650 | 7 |
_aEscolasticismo _9194 |
|
| 650 | 7 |
_aTeología doctrinal _9179 |
|
| 650 | 7 |
_aDios _9178 |
|
| 773 | 0 |
_070126 _982751 _dSalamanca, España : _oR2626 _tSalmanticensis _w(CO-MdFUSB)768714001 _gVolumen 7, (fascículo 2, 1960) páginas: 361 - 417 _qpágina: 361 |
|
| 942 | _cANA | ||
| 945 | _aCatherine Arias Álvarez - Practicante SENA | ||
| 999 |
_c70157 _d70157 |
||